01591pab a2200169 454500008004000000100002200040245009000062260000900152300001500161520099700176650003901173650002601212773005101238909001001289999001701299952010501316180718b2001 xxu||||| |||| 00| 0 eng d aHaque, M. Shamsul aRecent transition in governance in South Asia: contexts, dimensions, and implications c2001 ap.1405-436 aThere has been a paradigmatic shift in the mode of governance in capitalist nations, developing countries, and postcommunist states. Under the newly emerging neoliberal state, which has largely replaced other state formations, public governance has undergone significant transformation. In comparison with the earlier mode, the new mode of governance has the objective of narrow economic growth rather than overall development, the role to support rather than lead service delivery, the structure of managerial autonomy rather than accountability, and the standards based on business norms rather than public ethics. This mode of governance, which emerged in advanced industrial nations, has been extended to most developing countries, including those in South Asia. This paper explores the origins and trends of recent changes in governance in South Asian countries, and evaluates the critical implications of such changes for various dimensions of society in these countries. Reproduced aPublic administration - South Asia aPublic administration aInternational Journal of Public Administration a50347 c50347d50347 00104070aIIPAbIIPAd2018-07-19hVolume no: 24, Issue no: 12pAR50775r2018-07-19w2018-07-19yAR